| Tag |
First Indicator |
Second Indicator |
Subfields |
| LEADER |
00000cam a2200000 a 4500 |
| 001 |
in00001088921 |
| 005 |
20150929204519.0 |
| 008 |
920302s1992 nyua 001 0 eng |
| 010 |
|
|
|a 92007486
|
| 020 |
|
|
|a 0899306306 (alk. paper)
|
| 035 |
|
|
|a (OCoLC)25509829
|
| 035 |
|
|
|9 AFT4519AM
|
| 040 |
|
|
|a DLC
|c DLC
|d TXA
|d UtOrBLW
|
| 049 |
|
|
|a TXAM
|
| 050 |
0 |
0 |
|a HD31
|b .P727 1992
|
| 082 |
0 |
0 |
|a 658
|2 20
|
| 100 |
1 |
|
|a Priesmeyer, Henry Richard.
|
| 245 |
1 |
0 |
|a Organizations and chaos :
|b defining the methods of nonlinear management /
|c H. Richard Priesmeyer.
|
| 264 |
|
1 |
|a Westport, Conn. :
|b Quorum Books,
|c 1992.
|
| 300 |
|
|
|a xiv, 253 pages :
|b illustrations ;
|c 25 cm.
|
| 336 |
|
|
|a text
|b txt
|2 rdacontent
|
| 337 |
|
|
|a unmediated
|b n
|2 rdamedia
|
| 338 |
|
|
|a volume
|b nc
|2 rdacarrier
|
| 504 |
|
|
|a Includes bibliographical references (pages [247]-249) and index.
|
| 650 |
|
0 |
|a Management.
|
| 650 |
|
0 |
|a Industrial management.
|
| 650 |
|
0 |
|a Organization.
|
| 650 |
|
0 |
|a Chaotic behavior in systems.
|
| 999 |
|
|
|a MARS
|
| 999 |
f |
f |
|s 89c650a2-b56c-3150-aa9c-81dd535913d4
|i c9ab73bb-9a3c-3c72-8738-12852c3bf79e
|t 0
|
| 952 |
f |
f |
|p ric
|a Texas A&M University
|b Rellis Campus
|c Joint Library Facility
|d Remote Storage
|t 0
|e HD31 .P727 1992
|h Library of Congress classification
|i unmediated -- volume
|m A14825569351
|
| 998 |
f |
f |
|a HD31 .P727 1992
|t 0
|l Remote Storage
|